| 000 | 00347nam a2200133Ia 4500 | ||
|---|---|---|---|
| 008 | 210430s9999 xx 000 0 und d | ||
| 020 | _a390139013901 | ||
| 082 | _a620.104 J617 B | ||
| 100 |
_aU.C.Jindal _954199 |
||
| 245 |
_aBasics of Engineering Mechanics _cU.C.Jindal |
||
| 260 |
_aIndia _bGalgotia _c2002 |
||
| 300 | _a903p | ||
| 942 |
_cBK _2ddc |
||
| 999 |
_c564681 _d564681 |
||